|
|
|
|
| LEADER |
00000ny a22000003n 4500 |
| 003 |
MiAaPQ |
| 005 |
20110511143518.0 |
| 006 |
m d |
| 007 |
cr anu |
| 008 |
070326s cn 000 eng d |
| 022 |
|
|
|a 0704-9722
|
| 022 |
|
|
|a 1707-7753
|
| 035 |
|
|
|a 3073
|
| 040 |
|
|
|a PPLas
|c DLC
|d vLex
|
| 050 |
0 |
0 |
|a HV6001
|b .C3
|
| 050 |
0 |
0 |
|a HV6001
|b .C3
|
| 090 |
|
|
|c 1702
|d 1702
|
| 245 |
3 |
0 |
|a Canadian journal of criminology and criminal justice
|h [Recurso electrn̤ico]
|b Revue canadienne de criminologie et justice paenale
|
| 246 |
3 |
1 |
|a Revue canadienne de criminologie et de justice paenale
|
| 246 |
3 |
1 |
|a CJCCJ
|
| 246 |
3 |
1 |
|a RCCJP
|
| 256 |
|
|
|a Servicio en ln̕ea
|
| 260 |
|
|
|a Ottawa, Canad ̀:
|b Canadian Criminal Justice Association,
|
| 310 |
|
|
|a Trimestral
|
| 506 |
1 |
|
|a Contenido solo disponible en los productos indicados
|d vLex Global
|d vLex Global (Academic Edition, excluding Law Schools)
|d vLex Global (Academic Edition, Law Schools)
|
| 546 |
|
|
|a Incluye textos en francš
|
| 650 |
0 |
4 |
|a Criminologa̕
|x Publicaciones perid̤icas
|
| 650 |
0 |
4 |
|a Delincuencia
|x Prevencin̤
|x Publicaciones perid̤icas
|
| 650 |
0 |
4 |
|a Delincuentes
|x Rehabilitacin̤
|x Publicaciones perid̤icas
|
| 650 |
0 |
4 |
|a Justicia penal
|x Administracin̤
|x Publicaciones perid̤icas
|
| 650 |
0 |
4 |
|a Law
|
| 710 |
2 |
|
|a Canadian Criminal Justice Association
|
| 740 |
0 |
|
|a vLex Revista (Servicios en ln̕ea)
|
| 843 |
|
|
|a Electrn̤ica. Abierta
|
| 853 |
|
|
|8 1
|i (year)
|j (month)
|k (day)
|
| 856 |
4 |
0 |
|u http://vlex.com/source/3073
|z Acceso restringido
|
| 942 |
|
|
|c REV
|
| 999 |
|
0 |
|a Crime prevention
|z Canada
|v Periodicals
|
| 999 |
|
0 |
|a Criminal justice, Administration of
|z Canada
|v Periodicals
|
| 999 |
|
0 |
|a Criminals
|z Canada
|v Periodicals
|
| 999 |
|
0 |
|a Criminology
|z Canada
|v Periodicals
|